000 00778cam a22002411 4500
001 sa 68001460
003 DLC
005 20260227112433.0
008 710903s1966 ii ab 000 0 eng
010 _asa 68001460
025 _aPL480:I-E-9350
040 _aDLC
_cDLC
_dDLC
043 _aa-ii---
050 0 0 _aTT103
_b.A5
082 0 0 _a745.5/0954
110 1 _aIndia.
_bDepartment of Tourism.
245 1 0 _aShopping in India.
260 _a[Delhi,
_bPublications Division, Ministry of Information & Broadcasting,
_c1966]
300 _a99 p.
_billus. (part col.), col. maps.
_c21 x 25 cm.
350 _aRs25
500 _a"Issued on behalf of Department of Tourism, Ministry of Transport & Communications, Government of India."
650 0 _aShopping
_zIndia
_xGuidebooks.
999 _c77965
_d77965